Statistiche per Stati per popolazione - Unione Europea

Clicka qui per fare il quiz!

Statistiche generali

  • Questo quiz è stato fatto 15 volte
  • Il punteggio medio è 10 su 10

Statistiche sulle risposte

Popolazione (ab.)Nazione% Corretto
68 070 697Francia
100%
84 335 845Germania
100%
58 850 717Italia
100%
36 753 736Polonia
100%
10 827 529Repubblica Ceca
100%
48 059 777Spagna
100%
19 051 562Romania
93%
10 521 556Svezia
93%
11 754 004Belgio
87%
17 811 291Paesi Bassi
87%

Distribuzione punteggi

Percentile per numero di risposta

Percentuale di utenti per punteggio

I tuoi punteggi nel tempo

Non hai fatto questo quiz